000 00614nam a2200205Ia 4500
999 _c3366
_d3366
003 OSt
005 20200615144651.0
008 191128s2015 ck a gr 000 j spa d
020 _a9789589995938
040 _aCO-JMCR
_cCO-JMCR
041 0 _aspa
082 0 4 _aH /
_bALCc
100 _aAlcaldía Mayor de Bogotá,
_95617
_eautor
245 1 0 _aCada cosa en su lugar /
_cAlcaldía Mayor de Bogotá
260 _a Bogotá:
_bimprenta distrital,
_c2015
300 _a28 páginas
_bilustracion a color ;
_c20 cm. x 20 cm.
490 0 _aCultura ambiental
650 1 4 _aHistorieta colombiana
_95615
942 _2ddc
_cBK